000 00441nmm a2200157Ia 4500
008 251105s9999||||xx |||||||||||||||||und||
020 _a9788498385953
041 _aspa
100 _aSaniee, Parinoush
245 0 _aEl libro de mi destino
264 _a[Madrid, España] :
_bEdiciones Salamandra,
_c2014
300 _a448 páginas
650 _aOther narratives
856 _uhttps://public.digitaliapublishing.com/a/48291
942 _cCF
999 _c91774
_d91774